000 00368nam a2200121Ia 4500
008 240731s9999 xx 000 0 und d
022 _a1556-4991
245 0 _aVictims & Offenders : An International Journal of Evidence-based Research, Policy, and Practice
260 _bRoutledge
856 _uhttps://www.tandfonline.com/loi/uvao20
942 _2ddc
942 _cTFEJ
999 _c80249
_d80249
945 _a1
_bMadushi Gamage
_c1
_dMadushi Gamage